Non Metalli della Tavola periodica - Statistics

Statistiche generali
  • Questo quiz è stato fatto 68 volte
  • Il punteggio medio è 16 su 18
Statistiche sulle risposte
Z Simbolo Elemento % Corretto
1 H Idrogeno
100%
8 O Ossigeno
100%
7 N Azoto
98%
17 Cl Cloro
98%
2 He Elio
98%
6 C Carbonio
96%
35 Br Bromo
94%
16 S Zolfo
94%
9 F Fluoro
92%
10 Ne Neon
90%
34 Se Selenio
90%
18 Ar Argon
88%
15 P Fosforo
88%
36 Kr Kripton
85%
54 Xe Xenon
85%
53 I Iodio
83%
86 Rd Radon
79%
118 Og Oganesson
46%
Nessun quiz corrispondente trovato
Distribuzione punteggi
Percentuale di utenti per punteggio
Percentile per numero di risposta
I tuoi punteggi nel tempo
Non hai fatto questo quiz